000
00306nam a2200109 4500
999
_c
196754
_d
196754
008
230725b ||||| |||| 00| 0 eng d
022
_a
2456-5474
245
_a
Innovation:
_b
the research concept
260
_a
Kanpur
_b
Social Research Foundation
_c
Jan,2023
300
_a
vol.
_c
25cm
942
_2
ddc
_c
SR
_m
INN
_s
1